[Event "Treppenturnier 2023"]
[Site "Turnierstufe"]
[Date "2023.10.12"]
[Round "04-2"]
[White "Regency"]
[Black "Super Enterprise C"]
[Result "1-0"]
[WhiteElo "1776"]
[BlackElo "1630"]
[PlyCount "96"]

{In einem remislichen Endspiel greift der CXG daneben und verliert anschließend
schnell.} 1.e4 e6 2.d4 d5 3.Nc3 {Buchende.} 3...dxe4 4.Nxe4 Nd7 {Buchende.} 
5.Bg5 Be7 6.Bxe7 Nxe7 7.Nf3 O-O 8.c4 c5 9.Nxc5 Nxc5 10.dxc5 Qa5+ 11.Qd2 Qxc5 
12.Bd3 Nc6 13.O-O Nb4 14.Be2 e5 15.a3 Nc6 16.b4 Qe7 17.Qe3 e4 18.Nd2 Re8 19.b5 
Na5 20.Rfe1 f5 21.c5 Qf6 22.g3 Bd7 23.a4 Rad8 24.c6 bxc6 25.Qxa7 Qc3 26.Qe3 
Qxe3 27.fxe3 Be6 28.Red1 Rxd2 $2 {Zu kurzsichtig, SE kann die Konswquenzen nicht
überblicken.} 29.Rxd2 Nb3 30.Raa2 $2 {Regency aber auch nicht, denn es ist zu
langzügig.} ( 30.Rd6 $1 Kf7 ( 30...Nxa1 31.Rxe6 Rxe6 32.Bc4 cxb5 33.Bxe6+ Kf8 
34.a5 {...} ) 31.Rad1 Na5 32.Rd8 Rxd8 33.Rxd8 cxb5 34.Ra8 Nb7 35.Ra7 Bd5 
36.axb5 {...} ) 30...Nxd2 31.Rxd2 cxb5 32.axb5 Rb8 {Das sieht remislich aus -
aber mal schauen, was noch passiert.} 33.Kf2 Kf7 34.Rd1 Rc8 35.b6 Bb3 $2 
36.Rd7+ {Na klar.} 36...Kg8 $2 {Abseits!} 37.Rc7 Rd8 {(-0.13)} 38.b7 Be6 
{(-3.64)} 39.Bc4 Rd2+ 40.Ke1 Rb2 41.Bxe6+ Kf8 42.Bxf5 Rb1+ 43.Kd2 Rb6 44.Rc8+ 
Ke7 45.b8=Q Rxb8 46.Rxb8 h6 47.Rb7+ Kd6 48.Bxe4 Ke5 {Super Enterprise C hat die
Fähigkeit aufzugeben und das macht er an dieser Stelle.} 1-0

[Event "Treppenturnier 2023"]
[Site "Turnierstufe"]
[Date "2023.10.15"]
[Round "04-3"]
[White "Super Enterprise C"]
[Black "Regency"]
[Result "0-1"]
[WhiteElo "1624"]
[BlackElo "1782"]
[PlyCount "109"]

{Regency gewinnt, weil er mehr von Freibauern versteht.} 1.e4 e5 2.Nf3 d6 3.d4 
{Buchende.} 3...exd4 4.Nxd4 Nf6 5.Nc3 Be7 6.Be2 Bd7 7.O-O Nc6 8.Nxc6 Bxc6 9.Bf3 
O-O 10.Be3 Qd7 11.Bd4 Rfe8 12.Re1 b6 13.Qd2 Bb7 14.Nd5 Nxd5 15.exd5 c5 16.dxc6 
Bxc6 17.Re3 Rac8 18.Bxc6 Qxc6 19.Rae1 Qxc2 20.Qxc2 Rxc2 21.Bc3 Kf8 22.Bb4 Rc6 
23.f3 $6 {und unvermittelt hat Schwarz einen gesunden Mehrbauern.} 23...h5 
24.f4 a5 25.Bc3 f6 26.Re6 Rc4 27.Bd2 Rc2 28.Bc3 b5 29.Bxa5 Rxb2 30.a3 Rb3 
31.Bb4 Rd3 32.f5 Kf7 33.R6e2 Rd4 34.Re3 Rd5 35.Re6 Rxf5 36.Bxd6 Re5 37.R6xe5 
fxe5 38.Bxe5 $6 {Falscher Tausch.} ( {Eine bessere Remischance bietet wohl} 
38.Bxe7 Rxe7 39.Rb1 Rb7 {...} ) 38...Bxa3 {Nun wird Schwarz wohl gewinnen ...} 
39.Re2 Bc5+ 40.Kf1 b4 41.Re4 $2 b3 42.Re2 g6 43.h3 Re6 44.g4 Re7 $6 {... oder
nicht?} 45.gxh5 gxh5 46.h4 Ke6 47.Bc3+ Kd5 {Die richtige Richtung.} 48.Rb2 Kc4 
{Regency gewinnt.} 49.Be1 Bd4 50.Rb1 b2 51.Rd1 Kb3 52.Bb4 Kxb4 53.Rxd4+ Kc3 
54.Rd1 Kc2 55.Re1 {Super Enterprise gibt auf.} 0-1

[Event "Treppenturnier 2023"]
[Site "Turnierstufe"]
[Date "2023.10.16"]
[Round "04-4"]
[White "Regency"]
[Black "Super Enterprise C"]
[Result "0-1"]
[WhiteElo "1788"]
[BlackElo "1618"]
[PlyCount "50"]

{Super Enterprise hat in dieser Partie keine Chance.} 1.e4 c5 2.Nc3 Nc6 
{Buchende.} 3.f4 d6 4.Nf3 Bg4 5.Bb5 f5 $6 {sehr ungestüm.} 6.d3 fxe4 7.dxe4 e6 
8.h3 Bxf3 9.Qxf3 Nh6 10.Be3 Nf7 11.f5 exf5 12.exf5 Rc8 13.O-O-O {Die Stellung
von Weiß ist bereits hoch überlegen.} 13...Qe7 $4 {Und nach diesem Zug könnte
Super Enterprise schon aufgeben.} 14.Nd5 Qh4 15.f6 {Der zweitbeste Zug, noch
stärker ist:} ( 15.Bf4 $1 Ne5 ( 15...Be7 16.g3 Qg5 17.Bxg5 Bxg5+ 18.Kb1 {...} ) 
16.Qe3 Kf7 17.Bg5 Qd4 18.Rxd4 {...} ) 15...g5 16.Qf5 Kd8 17.Qe6 $1 Qh5 18.Ne7 
{Es führen bereits (fast) alle Wege zum Sieg. Noch stärker ist z.B.:} ( 18.Bxc5 
{oder das zunächst unscheinbare} ) ( 18.Bd2 {und dann z.B.} 18...Rc7 19.Bxc6 
bxc6 20.Rhe1 Ne5 21.f7 Qxf7 22.Bxg5+ Re7 23.Qxd6+ Kc8 {...} ) 18...Bxe7 
19.fxe7+ Kc7 ( 19...Ke8 20.Qxc8+ Kxe7 21.Qxb7+ Kf8 22.Bxc6 Kg7 23.Rhf1 {...} ) 
20.Rhf1 Kb6 21.Bxc6 bxc6 22.Rxf7 Qh4 {Das ist bereits ein in Matt in 7.} 
23.Qb3+ Ka6 ( 23...Ka5 {Matt in 6.} 24.e8=Q Rc7 25.Rxc7 Qb4 26.Rxa7+ Kb5 
27.Qxh8 Qxb3 28.axb3 Kb6 29.Qb8# ) 24.Bf2 {Sieht das Matt in 5 nicht.} ( 
24.e8=N Qb4 25.Qxb4 Rcxe8 26.Qb7+ Ka5 27.Bd2+ Ka4 28.Qb3# ) 24...Qb4 25.e8=Q 
Rhxe8 {und Super Enterprise C gibt auf. Matt in 12 sagt Hiarcs 15.2.} ( 
25...Rhxe8 26.Rxa7+ Kxa7 27.Qxb4 Ka6 28.Qa4+ Kb7 29.Rxd6 Rc7 30.Bxc5 Ra8 
31.Qb3+ Kc8 32.Rf6 Rd7 33.Rxc6+ Rc7 34.Qe6+ Kb7 35.Rb6+ Ka7 36.Rb4+ Rxc5 
37.Qb6# ) 0-1

[Event "Treppenturnier 2023"]
[Site "Turnierstufe"]
[Date "2023.10.17"]
[Round "05-1"]
[White "Regency"]
[Black "Super Constellation"]
[Result "0-1"]
[WhiteElo "1794"]
[BlackElo "1819"]
[PlyCount "94"]

{In dieser Partie ist Super Conny klar überlegen.} 1.d4 Nf6 2.Nf3 {Buchende.} 
2...b6 {Buchende.} 3.Bg5 d5 4.Nc3 e6 5.Nb5 $5 Be7 6.e3 Bb7 7.Bd3 $6 O-O 8.c4 c6 
9.Nc3 h6 10.Bf4 c5 11.dxc5 bxc5 12.cxd5 exd5 13.O-O Nbd7 $10 14.Bf5 Re8 15.Qd2 
Nb6 16.Ne2 Ne4 17.Qc2 Bf6 18.Bxe4 ( {Besser:} 18.Rfd1 ) 18...dxe4 19.Rfd1 Nd5 
20.Nd2 Qe7 $15 {Schwarz hat leicht Oberwasser.} 21.Nc4 Rad8 22.Rab1 Ba6 23.Rdc1 
Nb4 $17 {Schwarz hat klar Oberwasser.} 24.Qb3 Rd3 25.Nc3 Qe6 26.Na5 {Es ist ein
taktisches Gewusel entstanden mit Vorteilen für Schwarz.} 26...Nd5 27.Qa3 $2 ( 
{Mit} 27.Nxd5 Rxb3 28.Nxf6+ Qxf6 29.Nxb3 {... kann Weiß noch mitspielen.} ) 
27...Bxc3 $19 28.bxc3 Nxf4 29.exf4 e3 {Regency kann aufgeben.} 30.f3 e2 31.Qxc5 
Rd5 32.Qxa7 Bd3 33.Ra1 Rxa5 {Das Zurückschlagen geht natürlich nicht, wegen der
Mattdrohung auf der Grundlinie.} 34.Qf2 Rea8 35.Kh1 Rxa2 36.Rxa2 Rxa2 37.Re1 
Qc4 38.Qe3 Qxc3 39.Qg1 Rb2 40.Qf2 Qxe1+ 41.Qxe1 Rb1 42.Qxb1 Bxb1 43.g4 e1=Q+ 
44.Kg2 Bd3 {Mattankündigung.} 45.h3 Bf1+ 46.Kg1 Qe2 47.Kh1 Qg2# 0-1

[Event "Treppenturnier 2023"]
[Site "Turnierstufe"]
[Date "2023.10.18"]
[Round "05-2"]
[White "Super Constellation"]
[Black "Regency"]
[Result "0-1"]
[WhiteElo "1828"]
[BlackElo "1785"]
[PlyCount "109"]

{Regency gewinnt eine von ihm überlegen geführte Partie und lässt sich am Ende
nicht auf's Glatteis führen.} 1.e4 e5 2.Nf3 Nc6 3.Bb5 a6 4.Ba4 Nf6 5.O-O b5 
6.Bb3 Bb7 7.Re1 Bc5 8.c3 d6 9.d4 Bb6 10.Bg5 h6 11.Bh4 O-O 12.a4 Na5 {Buchende.} 
13.Bc2 Qe7 14.Nbd2 c5 15.d5 {Buchende.} 15...b4 16.cxb4 cxb4 17.Rc1 Rac8 18.h3 
Rc7 19.Bg3 $2 {Ignoriert die Gefahr durch die folgende Turmverdoppelung.} 
19...Rfc8 20.b3 Rc3 21.Bh4 Qc7 $5 {Positionell gut gespielt, kombinatorisch
besser ist:} ( 21...g5 $1 22.Nxg5 hxg5 23.Bxg5 Kg7 24.Nf1 Qc7 {...} ) 22.Bxf6 
gxf6 23.Nc4 $2 ( {Weiß sollte sein Heil im Gegenangriff suchen, z.B.:} 23.Nh4 
Kh7 24.Nf5 Rg8 25.Bd3 Bc8 26.Rxc3 Qxc3 27.Qc2 Bxf5 28.exf5 {... und Super Conny
könnte gut weiterspielen.} ) 23...Nxc4 {Das wird Regency doch gewinnen, oder?} 
24.bxc4 Rxc4 25.Re2 b3 26.Ne1 Ba5 27.Qd3 Rc3 28.Qd1 bxc2 29.Rexc2 Qd7 30.Ra1 
Rxc2 31.Nxc2 Rc4 32.Qd3 Rxa4 33.Rb1 Bc8 34.Ne3 Qc7 35.Nf1 Rb4 36.Rxb4 Bxb4 
37.Qg3+ Kh7 38.Qh4 Qd8 39.Ne3 a5 40.Nc2 Bd7 41.g4 Kg7 42.Qh5 {Da ist die Dame
komplett im Abseits, aber Weiß kann sowieso nicht mehr viel ausrichten.} 
42...Qc7 43.Ne3 a4 44.h4 {Jetzt ist die Lady komplett eingemauert.} 44...Qc1+ 
45.Kg2 Qb1 46.Nf5+ Bxf5 47.Qxf5 a3 48.g5 {Super Conny versucht noch ein
Dauerschach zu erreichen.} 48...fxg5 49.hxg5 h5 $1 ( 49...hxg5 $2 50.Qxg5+ Kh7 
51.Qh4+ Kg8 52.Qd8+ Kg7 53.Qg5+ ) 50.f3 a2 51.Qf6+ Kg8 52.Qd8+ Kh7 53.g6+ fxg6 
54.Qe7+ Kh6 55.Qf8+ {Super Conny gibt auf, denn es ist hoffnungslos.} ( 55.Qf8+ 
Kg5 56.Qe7+ ( 56.f4+ exf4 57.Qe7+ Kg4 58.Qe6+ Kh4 59.Qh3+ Kg5 60.Kh2 a1=Q 
61.Qg2+ Kh6 62.e5 Qe1 63.exd6 Qh4+ 64.Qh3 Qxh3+ 65.Kxh3 Qh1# ) 56...Kf4 57.Qh4+ 
Ke3 58.Qf2+ Kd3 59.f4 Qc2 60.Qxc2+ Kxc2 61.Kf3 a1=Q 62.Kg2 Bc5 63.fxe5 Qg1+ 
64.Kh3 Bf2 65.exd6 Qg3# ) 0-1

[Event "Treppenturnier 2023"]
[Site "Turnierstufe"]
[Date "2023.10.19"]
[Round "05-3"]
[White "Regency"]
[Black "Super Constellation"]
[Result "1-0"]
[WhiteElo "1796"]
[BlackElo "1817"]
[PlyCount "108"]

{Super Constellation gewinnt einen Bauern, gerät aber in einen Königsangriff und
verliert.} 1.d4 Nf6 2.Nf3 e6 3.Bg5 c5 4.e3 {Buchende.} 4...Qb6 {Buchende.} 5.b3 
Be7 6.c3 d5 7.Bd3 Nc6 8.O-O O-O 9.dxc5 Qxc5 10.b4 Qb6 11.Nbd2 h6 12.Bf4 a6 
13.Ne5 Bd7 14.Ndf3 Nxe5 15.Nxe5 Bb5 16.Rc1 a5 $10 {Gleichwertige Stellung.} 
17.c4 Be8 18.cxd5 exd5 19.bxa5 Rxa5 20.Qc2 Bc5 21.Rb1 Qa7 22.Rfc1 Nh5 23.Bf5 $6 
{Jetzt gewinnt Super Conny einen Bauern...} 23...Nxf4 24.exf4 Bd4 {... und macht
Druck auf die weiße Grundlinie.} 25.Qe2 g6 26.Bd3 Rxa2 27.Rc2 Ra1 28.Rcc1 Rxb1 
29.Rxb1 Ba4 $2 30.Qf3 $6 ( {Es geht} 30.Nxg6 fxg6 31.Qe6+ Kh8 32.Qxg6 b5 
33.Qxh6+ Kg8 34.Bf5 Rxf5 35.Qg6+ Bg7 36.Qxf5 {und Weiß geht's gut.} ) 30...Rd8 
31.Qg3 Be8 {Zurück mit dem Läufer und durchatmen.} 32.f5 g5 33.Ng4 Bg7 $4 ( 
33...f6 {hält die Stellung. Der Novag will wohl seinen h-Bauern nicht abgeben.} 
) 34.Qc7 $2 ( {Warum nicht} 34.f6 $1 {und gewinnt? So tief sind die Varianten
doch gar nicht.} ) 34...Rd7 $2 {Der nächste Fehler.} 35.Qc8 {Na klar. Super
Conny ist verloren.} 35...Re7 36.f6 Re6 37.fxg7 Kxg7 38.Rxb7 ( {Noch stärker,
aber viel zu langzügig sind die Varianten nach:} 38.Bf5 $1 ) 38...Re1+ 39.Bf1 
Qd4 40.Ne3 Rxe3 41.fxe3 Qxe3+ 42.Kh1 Qf2 43.Rb1 Ba4 44.Qc3+ d4 45.Qa1 Bc2 
46.Rb4 f6 47.Rxd4 Kg6 48.Bd3+ Bxd3 49.Rxd3 h5 50.Rd8 Kf7 51.Qd1 Qf5 52.Qxh5+ 
Kg7 53.Qh8+ Kg6 54.Rg8+ Kf7 {und Super Conny gibt auf.} ( 54...Kf7 {und dann ist
der schnellste Weg:} 55.Rg7+ Ke6 56.Qc8+ Ke5 57.Re7+ Kd6 58.Qd8+ Kc6 59.Rc7+ 
Kb5 60.Qb8+ Ka4 61.Rc4+ Ka3 62.Qb4+ Ka2 63.Qd2+ Ka3 64.Qc3+ Ka2 65.Ra4+ Kb1 
66.Ra1# ) 1-0

[Event "Treppenturnier 2023"]
[Site "Turnierstufe"]
[Date "2023.10.23"]
[Round "05-4"]
[White "Super Constellation"]
[Black "Regency"]
[Result "1/2-1/2"]
[WhiteElo "1806"]
[BlackElo "1807"]
[PlyCount "147"]

{Super Constellation schafft trotz zeitweiliger Vorteile nur ein Remis.} 1.e4 
c5 2.Nf3 e6 3.d4 cxd4 4.Nxd4 Nc6 5.Nc3 Nf6 6.Ndb5 Bb4 {Buchende.} 7.Bf4 
{Buchende.} 7...e5 8.Bg5 O-O 9.a3 Bc5 10.Qf3 a6 11.Bxf6 Qxf6 12.Qxf6 gxf6 
13.Nc7 Rb8 14.N3d5 Kg7 15.Bd3 Rg8 16.Rd1 a5 $6 {Ungenau, nun droht dem schwarzen
Läufer Ungemach.} 17.c3 Ba7 18.Nb5 Bc5 19.Bc4 a4 20.Rd3 Ne7 21.Nxe7 ( {Die
Rochade wäre mal angesagt und Weiß könnte mit Vorteil weiterspielen, z.B.:} 
21.O-O Nxd5 22.Rxd5 b6 23.Nd6 Rd8 24.Nxc8 Rbxc8 25.Bb5 {...} ) 21...Bxe7 
22.Rg3+ {Hätte Weiß schon rochiert, wäre die schwarze Stellung wohl kaum zu
halten. Super Conny feht noch ein Turm.} 22...Kf8 23.Rxg8+ Kxg8 24.Na7 d6 
25.Nxc8 Rxc8 26.Bb5 Ra8 27.g4 Ra5 28.Bd7 Kg7 29.O-O {Sehr spät.} 29...Kg6 30.f4 
{Es sieht remislich aus, womit Regency das Treppenhaus-Duell gewinnen würde.
Super Conny muss sich anstrengen.} 30...Ra7 31.Bf5+ Kg7 32.Kf2 Ra8 33.h4 h6 
34.Ke3 Rd8 35.Rd1 Bf8 {Regency wartet ab.} 36.Kf2 Be7 37.Kg3 ( 37.Rd5 {liegt auf
der Hand.} ) 37...Bf8 38.Kh2 {Und Super Conny fällt nix ein.} 38...Be7 39.Kg1 
Rh8 40.Kf2 h5 {Jetzt wird Schwarz doch noch aktiv.} 41.Kg3 hxg4 42.Kxg4 exf4 
43.Rg1 Kf8 44.Rf1 Rg8+ 45.Kxf4 Rg2 46.Rb1 Rf2+ 47.Kg3 Re2 48.Bg4 Rxe4 49.Bf3 
Rc4 50.Bxb7 f5 51.h5 Rg4+ 52.Kf2 Rh4 53.Rh1 Kg7 54.Kg3 {Ein Turmtausch ist
günstiger für Weiß, dennoch ist die Partie auch dann wohl ein Remis.} 54...f4+ 
55.Kf2 Kh6 56.Rxh4 Bxh4+ 57.Kf3 Kxh5 58.Bd5 Kg6 59.Bc6 Be1 60.Bxa4 Bd2 {Rest der
Partie mit 1 Minute/Zug.} 61.b4 Kg5 62.Bb3 Bxc3 63.Bxf7 Kf6 64.Bd5 Ke5 65.Bc6 
d5 66.b5 Ba5 67.a4 Bb6 68.Be8 Kf5 69.Bd7+ Ke5 70.Be8 Kf5 71.Bd7+ Ke5 72.Be8 Kf5 
73.Bd7+ Ke5 74.Be8 {Remis 3x.} 1/2-1/2

[Event "Treppenturnier 2023"]
[Site "Turnierstufe"]
[Date "2023.10.25"]
[Round "06-1"]
[White "Regency"]
[Black "Prisma"]
[Result "0-1"]
[WhiteElo "1807"]
[BlackElo "1831"]
[PlyCount "196"]

{Nach dem Sieg gegen Super Conny ist Regency zu euphorisch und spielt schlecht.} 
1.d4 Nf6 2.Nf3 d5 {Buchende.} 3.Bf4 e6 4.Nbd2 {Buchende.} 4...Be7 5.e3 O-O 6.c4 
Nh5 7.Be5 f6 8.Bg3 Nc6 9.Bh4 g5 {Ich hatte mit einer eher zurückhaltenden
Spielweise gerechnet.} 10.Ng1 {Eine skurrile Antwort - auf solche Ideen kommen
wohl nur unsere Oldies.} 10...Nb4 $6 {Prisma wurde wohl von einer Tarantel
gestochen.} 11.Bxg5 $6 {Die Tarantel hat wohl beide erwischt.} 11...fxg5 12.a3 
Nf6 13.axb4 Bxb4 14.f3 $2 c5 15.Ra4 $6 {Der nächste fragwürdige Zug. Regency
spielt sich ins Abseits.} 15...Qd6 ( 15...Qb6 {ist noch stärker.} ) 16.cxd5 
{Krypton verliert nun Material.} 16...cxd4 17.exd4 Nxd5 18.Kf2 {Weiß kann
eigentlich nur noch kapitulieren.} 18...Qf4 19.Nc4 {Noch der beste Zug.} 
19...b5 20.Rxb4 Nxb4 ( 20...bxc4 $1 21.Bxc4 Qe3+ 22.Kf1 Nxb4 {...} ) 21.Ne3 Bd7 
( {Besser:} 21...Bb7 ) 22.Ne2 Qf6 {Prisma hat nur die Qualität. Mit etwas mehr
taktischer Übersicht hätte er wesentlich mehr draus machen können.} 23.Qd2 a5 
24.Ng4 Qg7 25.Nc3 Rab8 26.Ne5 h6 27.Kg1 Rf4 28.Ne2 Rh4 $6 {Kein Fehler, aber ein
unverständlicher Zug. Kein Mensch würde den wohl spielen.} 29.g3 Rh5 30.Nc3 Be8 
31.b3 Nc6 32.Qe3 Nxe5 33.dxe5 Bc6 34.Bg2 Rc8 35.Qd4 Qh7 36.Qg4 Qa7+ 37.Kf1 Qf7 
38.Ke2 {Beide haben in dieser Phase so viele taktische Aussetzer, dass ich mir
die Fragezeichen hinter den Fehlzügen spare.} 38...Be8 39.Qd4 Qf5 40.Kd2 Bc6 
41.g4 Rh4 42.Ne2 Qf8 43.Ke3 Qa3 {Prisma scheint nur noch durch einen Zufall den
roten Faden zum Sieg finden zu können.} 44.Qd3 Qc5+ 45.Kd2 Qxe5 46.h3 Qf6 
47.Qc3 Qf7 48.Rc1 b4 49.Qd4 Qb7 {Prisma scheint seinen eingesperrten Turm
einfach vergessen zu haben.} 50.Qf6 Bd5 51.Rxc8+ Qxc8 52.Qg6+ Kf8 53.Qf6+ Ke8 
54.Qb2 Qc6 55.Qh8+ Kf7 56.Qh7+ Kf8 57.Qh8+ Ke7 58.Qg7+ Kd8 59.Qf6+ Kc8 60.Nc1 
Qc7 {Rest der Partie mit je 1 Minute/Zug.} 61.Bf1 Qd6 62.Qh8+ Kb7 63.Qh7+ Kb8 
{Gruselig.} 64.Qh8+ Ka7 65.Qd4+ Ka8 66.Ne2 e5 67.Qd3 Qc5 68.Qa6+ Kb8 69.Qd3 h5 
$1 {Endlich.} 70.gxh5 Rxh5 71.Qg6 Rh8 72.Qg7 Re8 73.Qg6 Rf8 74.Qxg5 Bxb3 75.f4 
Qd5+ 76.Ke1 exf4 77.Qg7 Qc5 78.Qd4 Qxd4 79.Nxd4 Bd5 80.Bb5 b3 81.Kd2 Rh8 82.Bd7 
b2 83.Kc2 Rd8 84.Bf5 Be4+ 85.Bxe4 Rxd4 86.Bf3 Rd3 87.Be4 Rxh3 88.Kxb2 f3 89.Bd5 
f2 90.Bc4 Rh1 91.Kb3 f1=Q 92.Bxf1 Rxf1 93.Ka3 Kb7 94.Kb3 Rf2 95.Ka3 Kc6 96.Ka4 
Rf3 {Mattankündigung.} 97.Kxa5 Rf4 98.Ka6 Ra4# 0-1

[Event "Treppenturnier 2023"]
[Site "Turnierstufe"]
[Date "2023.10.28"]
[Round "06-2"]
[White "Prisma"]
[Black "Regency"]
[Result "1-0"]
[WhiteElo "1840"]
[BlackElo "1798"]
[PlyCount "135"]

{Prisma hat seinen Gegner im Griff und gewinnt.} 1.d4 Nf6 2.Nf3 d5 3.c4 c6 
4.Nc3 dxc4 5.a4 Bf5 6.e3 e6 7.Bxc4 Bb4 8.O-O {Buchende.} 8...O-O {Buchende.} 
9.Nh4 Be4 10.Bd2 Bxc3 11.Bxc3 Nd5 12.Nf3 Nxc3 13.bxc3 Nd7 14.Bd3 Nf6 15.Bxe4 
Nxe4 16.c4 f5 17.Qc2 c5 18.Rab1 cxd4 19.exd4 Qd7 20.Rfe1 Rfc8 21.Re3 b6 22.Re2 
Rab8 23.Rbe1 a6 24.h3 Qd6 25.Re3 Rb7 26.Rd1 Re7 27.Ne5 Rb7 28.Rdd3 Qb4 {Bisher
ist auf dem Brett nicht viel los, die Stellung ist fast ausgeglichen. Lediglich
der rückständige Bauer auf e6 ist ein schwacher Punkt.} 29.Qa2 Re8 30.Rd1 {Die
Schwerfiguren auf die b-Linie zu bringen, wäre ein guter Plan.} ( {So z.B.:} 
30.Rb3 Qd6 31.Qb2 Rbb8 ( 31...Reb8 $2 32.c5 $1 {...} ) 32.Re1 h6 33.Rb1 Rbd8 
34.f3 Ng3 35.Rxb6 Qxd4+ 36.Qxd4 Rxd4 37.Rxa6 {...} ) 30...Qd6 31.Qb2 Rc8 
32.Rdd3 Rcc7 33.Rb3 $1 {Na endlich. Jetzt wird's ungemütlich für Schwarz.} 
33...Rc8 34.c5 Qd5 35.Rxb6 Rxb6 36.Qxb6 Ra8 37.Qc6 Qxc6 38.Nxc6 Kf7 39.Rb3 Kf6 
40.Rb8 Rxb8 41.Nxb8 a5 42.c6 {Zu früh. Der König sollte sich auf den Weg
machen.} 42...Ke7 43.c7 Nd6 44.Kh2 Nc8 45.Kg3 Kd6 46.Na6 e5 47.dxe5+ Kc6 48.Kf4 
Kb6 $2 {Regency ist ohnehin verloren, aber so geht's schneller.} 49.Kxf5 Kxa6 
50.Ke6 Kb7 51.Kd7 Nb6+ 52.Kd8 Nc8 53.e6 g6 54.f4 Na7 55.g4 Nc8 56.f5 gxf5 
57.gxf5 Na7 58.Kd7 Nc8 59.f6 Nb6+ 60.Kd8 Nc8 61.e7 Nd6 62.e8=Q Nxe8 63.c8=Q+ 
Kb6 64.f7 Nd6 65.Qc7+ {Mattankündigung.} 65...Ka6 66.f8=Q Nb7+ 67.Kc8 h5 
68.Qxb7# 1-0

[Event "Treppenturnier 2023"]
[Site "Turnierstufe"]
[Date "2023.10.30"]
[Round "06-3"]
[White "Regency"]
[Black "Prisma"]
[Result "1-0"]
[WhiteElo "1789"]
[BlackElo "1849"]
[PlyCount "151"]

{Regency münzt eine starke Stellung in einen Sieg um.} 1.c4 Nf6 2.d4 e6 3.Nc3 
Bb4 {Buchende.} 4.Bg5 {Buchende.} 4...d5 5.e3 O-O 6.Qb3 Bxc3+ 7.Qxc3 Nc6 8.Bd3 
Bd7 9.cxd5 exd5 10.Qb3 Na5 $6 11.Qc2 h6 12.Bxf6 gxf6 13.Rc1 Nc6 14.Qb3 $6 {Der
Doppelangriff ist zu verlockend.} 14...Bc8 {Zweimal hintereinander schalten die
schwarzen Figuren in den Rückwärtsgang. Prisma hat alles gedeckt - aber auf
Kosten der Entwicklung.} 15.Rc5 $6 ( {Besser:} 15.Qd1 Qd6 16.Qh5 f5 {...} ) 
15...Ne7 16.Nf3 b6 17.Rc1 c6 18.h3 Be6 19.O-O Re8 20.Qc2 Qd6 21.Rfe1 Qc7 22.b4 
Qd6 23.b5 Rac8 24.Qa4 Rc7 25.bxc6 Rd8 26.Bb5 {Ähnlich wie in der zweiten Partie
hat Weiß eine überlegene Stellung am Damenflügel mit einem starken Freibauern -
jetzt ist es aber Regency. Nun muss er nur noch gewinnen ...} 26...Bf5 27.Kh1 
Qe6 28.Rc3 Be4 29.Ng1 Rdc8 30.Ba6 Rd8 31.Bb7 Nc8 32.Rcc1 Re8 33.Qa6 Rd8 34.Red1 
{Für den Sieg müsste Regency nun tiel rechnen, was ihm wohl eher nicht gelingen
wird. Also entscheidet entweder ein gegnerischer Fehler oder der Zufall.} ( 
{Hiarcs 15.2 würde so spielen:} 34.Rc3 Nd6 35.Qxa7 Nxb7 36.Rec1 Qe7 37.cxb7 
Rxb7 38.Qa6 Ra7 39.Qxb6 Rb7 40.Qc5 Qxc5 41.dxc5 {...} ) 34...Re8 35.a4 {Gute
Idee.} 35...Rd8 36.f3 {Ein schwarzer Gegenangriff über die weißen Felder
funktioniert nun nicht mehr.} 36...Bg6 37.Rc3 Nd6 38.Rdc1 Nc8 39.Ne2 Qd6 40.Nf4 
{Regency spielt recht zielstrebig, stärker noch ist:} ( 40.a5 $1 ) 40...Bf5 
41.Rg1 Re8 42.Re1 {Weniger zielstrebig.} ( {Erneut:} 42.a5 ) 42...Be6 43.Rb1 
Bf5 44.Rb5 $6 {Fragwürdig.} 44...Be6 ( {Für etwas Entlastung hätte} 44...Rxe3 
{gesorgt, mit der Folge} 45.Rxe3 Qxf4 46.Rbb3 {...} ) 45.Rc1 Qa3 46.Rcb1 Qxe3 
47.Nxd5 Bxd5 48.Rxd5 {Schwarz hat wieder Luft zum atmen ...} 48...Qf4 $2 {...
macht aber prompt wieder einen Fehler.} ( {Besser:} 48...Qe6 ) 49.Rd7 $1 Ne7 
50.Re1 Qg3 51.Re2 ( {Stärker ist:} 51.Re4 Kf8 52.Qe2 Rxd7 53.cxd7 Qc7 
54.dxe8=Q+ Kxe8 {...} ) 51...Kf8 52.Rxc7 ( 52.d5 h5 ) 52...Qxc7 53.Qc4 Kg8 
54.d5 h5 55.Qh4 Qd6 56.Qxh5 Rd8 57.Qg4+ Kf8 58.Qh4 Kg8 59.Rxe7 $3 {Schön
gespielt.} 59...Qxe7 60.Qg3+ Kf8 {Rest der Partie mit je 1 Minute/Zug.} 61.c7 
Re8 62.c8=Q Rxc8 63.Bxc8 Qc5 64.Bb7 Ke7 65.Qb8 Qc1+ 66.Kh2 Qc3 67.f4 Qd4 68.Bc6 
$1 {Auch Regency ist taktisch nicht ungefährlich.} 68...f5 69.Qe8+ Kf6 70.Qh8+ 
Kg6 71.Qxd4 f6 72.a5 ( {Matt in 5:} 72.d6 Kh7 73.Qxf6 b5 74.d7 bxa4 75.d8=Q a5 
76.Qdh8# ) 72...bxa5 73.Qxa7 a4 74.Be8+ {Mattankündigung.} 74...Kh6 75.Qf7 a3 
76.Qg6# 1-0

[Event "Treppenturnier 2023"]
[Site "Turnierstufe"]
[Date "2023.11.01"]
[Round "06-4"]
[White "Prisma"]
[Black "Regency"]
[Result "1/2-1/2"]
[WhiteElo "1837"]
[BlackElo "1801"]
[PlyCount "89"]

{Prisma verpasst den Sieg im Mittelspiel und es wird ein Remis.} 1.d4 d5 2.c4 
e6 3.Nc3 Nf6 4.Nf3 c5 5.cxd5 Nxd5 6.e3 Nc6 {Buchende.} 7.Bc4 cxd4 8.exd4 
{Buchende.} 8...Bb4 9.Bxd5 exd5 10.O-O Bxc3 11.bxc3 O-O 12.Qb3 h6 13.Re1 Na5 
14.Qb4 Nc6 15.Qb2 Re8 16.Bf4 Re4 17.Rxe4 dxe4 18.Nd2 Qa5 19.Re1 g5 20.Bg3 f5 
{Diese Lockerungsübung kann nicht gut sein, denn der schwarze König steht nackt
und allein auf weiter Flur.} 21.Qb3+ Kg7 22.Nc4 ( 22.f3 $1 Qb6 ( 22...exf3 
23.Re8 {... und Aus für Schwarz.} ) 23.fxe4 Qxb3 24.axb3 fxe4 25.Nxe4 Ne7 
26.Nxg5 hxg5 27.Rxe7+ {...} ) 22...Qd5 23.Bc7 Qf7 24.Nd6 Qd7 25.h3 Kh8 26.Nf7+ 
{Ein Remis reicht Prisma zum weiterkommen ...} 26...Kh7 27.Bd6 Qe6 28.Ne5 Qxb3 
29.axb3 {Nach dem Damentausch kann Regency wieder atmen, aber ein Sieg ist für
Schwarz kaum noch drin.} 29...Be6 30.Nc4 Rd8 31.Bh2 b5 32.Nd6 b4 33.Nb7 Ra8 
34.Nc5 Bf7 35.cxb4 Nxd4 36.Rb1 Nc2 37.Bd6 Nxb4 38.Nxe4 fxe4 39.Bxb4 Rb8 40.Bc5 
a5 41.b4 Rb5 42.Kh2 Kg6 43.Bf8 axb4 44.Rxb4 Rxb4 45.Bxb4 {Remis, das wird keiner
mehr verlieren, auch nicht diese Oldies.} 1/2-1/2